Slavery in Ancient India as Depicted in Pali and Sanskrit Texts (Record no. 12269)

MARC details
000 -LEADER
fixed length control field 00627nam a2200241 a 4500
020 ## - INTERNATIONAL STANDARD BOOK NUMBER
ISBN 8170071
082 00 - DEWEY DECIMAL CLASSIFICATION NUMBER
Classification number 306.362
Author Cutter CHA
100 ## - MAIN ENTRY--AUTHOR NAME
Author name Chanana, Dev Raj
245 ## - TITLE STATEMENT
Title Slavery in Ancient India as Depicted in Pali and Sanskrit Texts
260 ## - PUBLICATION, DISTRIBUTION, ETC. (IMPRINT)
Place of publication Delhi
Name of publisher Peoples Pub. House
Year of publication 1990
300 ## - PHYSICAL DESCRIPTION
Number of Pages 208p
500 ## - GENERAL NOTE
General note includes index and biblioraphy
505 2# - FORMATTED CONTENTS NOTE
Formatted contents note Index
650 ## - SUBJECT ADDED ENTRY--TOPICAL TERM
Topical Term Slavery-Hinduism
942 ## - ADDED ENTRY ELEMENTS (KOHA)
Koha item type Books
700 1# -
-- Chanana, Dev Raj
Holdings
Home library Current library Date acquired Cost, normal purchase price Full call number Accession Number Koha item type
Henry Martyn Institute Library Henry Martyn Institute Library 04/04/2007 35.00 306.362 CHA 018616 E-Books
                   Copyright © 2026 | Henry Martyn Institute | Hyderabad | TS-500052 | INDIA | Implemented by hmi.edu.in
Hit-Count:

Powered by Koha